000
00288nam a2200121Ia 4500
008
180205s9999 xx 000 0 und d
020
_a
9812405798
100
_a
Connor O', Bob
245
_a
Strength training today
250
_a
2nd ed
260
_a
USA
_c
2000
300
_a
iii, 192 pages
999
_c
354703
_d
354703